000 00459nam a2200157 i 4500
001 32253
003 ES-MaACL
005 20230906154536.0
007 t|
008 030130s1963 sp ||||1| spa d
100 1 _aBergier, Jacques.
_927989
245 1 3 _aEl mundo de la ciencia /
_c[bajo la dirección de Jacques Bergier].
260 _a[Barcelona :
_bSalvat,
_c1963]
300 _a3 v., 25 lám. :
_bil. ;
_c30 cm.
852 _aES-MaACL
_jC-22864-6
_bR.51898
999 _c32253
_d32253